| 000 | 00437nam a2200181Ia 4500 | ||
|---|---|---|---|
| 008 | 220531s9999 xx 000 0 und d | ||
| 041 | _aeng | ||
| 082 | _bXXX | ||
| 100 |
_aX _981440 |
||
| 245 | _aश्रीमभ्दगवद्वीता | ||
| 250 | _a19th | ||
| 260 |
_aGorakhpur _bGeeta _c2021 |
||
| 300 | _a190 | ||
| 542 | _d09-10-2021 | ||
| 650 |
_aGeneral _981441 |
||
| 906 |
_d2021-2022 _f19799 |
||
| 999 |
_c44964 _d44964 |
||